000 00319 a2200145 4500
001 180574
020 _a
040 _cMagnum
100 _aRibeiro, Alcione Fernandes
240 1 0 _aA casa dos sonhos
_lpor
245 1 0 _aA casa dos sonhos
362 0 _a1899
697 _aMAGNITO: I/AVENTURA, CRIANCAS
942 _cBK
999 _c180574
_d180574